MARC

LEADER 00000nam0a2200000 4500
001 31427
005 20231101210033.0
010 |a 5893490304 
010 |a 5-02-011284-4 
035 |a (RuTPU)RU\TPU\book\31705 
035 |a BOOK00031784 
090 |a 31427 
100 |a 20011209d2000 m y0rusy50 ca 
101 0 |a rus 
102 |a RU 
105 |a y j 001zy 
200 1 |a Культура речевого общения  |e учебное пособие  |f О. М. Казарцева 
205 |a 3-е изд. 
210 |a Москва  |c Флинта  |c Наука  |d 2000 
215 |a 496 с. 
320 |a Библиогр.: с. 492-493. 
451 1 |0 (RuTPU)RU\TPU\book\11555  |y 5-89349-0304  |t Культура речевого общения: теория и практика обучения  |o учебное пособие  |f О. М. Казарцева  |e 2-е изд.  |c Москва  |n Флинта  |n Наука  |d 1999  |p 496 с.  |a Казарцева, Ольга Митрофановна 
451 1 |0 (RuTPU)RU\TPU\book\31626  |y 5-89349-030-4  |t Культура речевого общения  |o учебное пособие  |f О. М. Казарцева  |e 4-е изд.  |c Москва  |n Флинта  |n Наука  |d 2001  |p 496 с.  |a Казарцева, Ольга Митрофановна 
451 |y 5-02-011284-4 
517 1 |a Теория и практика обучения 
606 |a Культура речи  |x Русский язык  |2 stltpush  |3 (RuTPU)RU\TPU\subj\39771  |9 59687 
610 1 |a русский язык 
610 1 |a стилистика 
610 1 |a речевое общение 
610 1 |a устная речь 
610 1 |a письменная речь 
610 1 |a урок 
610 1 |a беседа 
610 1 |a дискуссии 
610 1 |a диалог 
610 1 |a обучение 
610 1 |a преподавание 
610 1 |a методика 
610 1 |a учебные пособия 
686 |a Ш141.2-7  |v LBC/SL-A  |2 rubbk 
700 1 |a Казарцева  |b О. М.  |g Ольга Митрофановна 
801 0 |a RU  |b 63413507  |c 20011209  |g PSBO 
801 2 |a RU  |b 63413507  |c 20180517  |g PSBO 
900 |a Культура речи (фак) 
942 |c BK